01263cam a2200361 a 4500999001900000001000900019003000500028005001700033008004100050010001700091020001800108040001800126042000900144050002400153082001300177100002200190245004800212250001200260260005200272300002100324490003600345520016700381650002000548650002200568650002600590650002100616651003100637651002200668800005200690906004500742942001200787952010200799 c234933d23493313154660Nust20170403134548.0030409s2003 nyu j 000 1 eng  a 2003049904 a9780552562799 aDLCcDLCdDLC alcac00aPZ7.S92475bAm 200300a823bSTR1 aStroud, Jonathan.14aThe Amulet of Samarkand /cJonathan Stroud. a1st ed. aNew York :bHyperion Books For Children,c2003. a479 p. ;c22 cm.1 aThe Bartimaeus trilogy ;vbk. 1 aNathaniel, a magician's apprentice, summons up the djinni Bartimaeus and instructs him to steal the Amulet of Samarkand from the powerful magician Simon Lovelace. 1aMagicvFiction. 1aWizardsvFiction. 1aApprenticesvFiction. 1aGeniesvFiction. 1aLondon (England)vFiction. 1aEnglandvFiction.1 aStroud, Jonathan.tBartimaeus trilogy ;vbk. 1. a7bcbccorignewd1eocipf20gy-gencatlg 2ddccBK 00102ddc4070aCLbCLcFICd2017-04-03l0m1o823.92 STRpCL1552r2022-09-05t1w2017-04-03yBK